Electronic calculators : Casio's creativity gets wider and wider
Gardado en:
| Formato: | Libro |
|---|---|
| Idioma: | Undetermined |
| Publicado: |
Tokyo
Casio
1992
|
| Những chủ đề: | |
| Các nhãn: |
Engadir etiqueta
Sen Etiquetas, Sexa o primeiro en etiquetar este rexistro!
|
| Thư viện lưu trữ: | Trung tâm Học liệu Trường Đại học Cần Thơ |
|---|
| LEADER | 00438nam a2200169Ia 4500 | ||
|---|---|---|---|
| 001 | CTU_98595 | ||
| 008 | 210402s9999 xx 000 0 und d | ||
| 082 | |a 681.14 | ||
| 082 | |b E38 | ||
| 245 | 0 | |a Electronic calculators : | |
| 245 | 0 | |b Casio's creativity gets wider and wider | |
| 260 | |a Tokyo | ||
| 260 | |b Casio | ||
| 260 | |c 1992 | ||
| 650 | |a Calculators | ||
| 904 | |i Truc | ||
| 980 | |a Trung tâm Học liệu Trường Đại học Cần Thơ | ||